ბათუმის შოთა რუსთაველის სახელმწიფო უნივერსიტეტის ბიბლიოთეკა

სახელმძღვანელო პრაქტიკული სამუშაოების შესასრულებლად ავტომობილების ტექნიკურ ექსპლოატაციაში : (ბიბ.ჩანაწერი № 39235)

000 -ლიდერი
ფიქსირებული სიგრძის საკონტროლო ველი 01092nam a2200217Ia 4500
001 - საკონტროლო ნომერი
საკონტროლო ველი 5821
003 - საკონტროლო ნომრის იდენტიფიკატორი
საკონტროლო ველი GE_BSU
005 - ბოლო ოპერაციის თარიღი და დრო
საკონტროლო ველი 20190613143336.0
008 - ფიქსირებული სიგრძის მონაცემთა ელემენტები - ზოგადი ინფორმაცია
ფიქსირებული სიგრძის საკონტროლო ველი 181216s1982||||ge |||||||||||||| ||geo||
040 ## - კატალოგიზაციის წყარო
Transcribing agency GE_BSU
041 ## - ენის კოდი
Language code of text/sound track or separate title geo
080 ## - უნივერსალური ათობითი კლასიფიკაციის ინდექსი
Universal Decimal Classification number 629.113(076) ლ-40
100 ## - მთავარი ჩანაწერი - პიროვნების სახელი
Personal name ლეკიაშვილი, ვ.
9 (RLIN) 2477
245 ## - ცნობა სათაურის შესახებ
Title სახელმძღვანელო პრაქტიკული სამუშაოების შესასრულებლად ავტომობილების ტექნიკურ ექსპლოატაციაში :
Remainder of title დამხმ. სახელმძღვ. /
Statement of responsibility, etc ვ. ლეკიშვილი ; რედ. ე. გიორგაძე
264 ## - წარმოების, გამოცემის, დისტრიბუციის და სხვა ცნობები
გამოცემის, წარმოების, დისტრიბუციის... ადგილი თბილისი :
გამოცემის, წარმოების, დისტრიბუციის... სახელწოდება სპი,
გამოცემის, წარმოების, დისტრიბუციის... თარიღი 1982.
300 ## - ფიზიკური აღწერა
Extent 80 გვ. ;
Dimensions 20 სმ.
504 ## - BIBLIOGRAPHY, ETC. NOTE
Bibliography, etc ბიბლიოგრ. : გვ.79.
653 ## - INDEX TERM--UNCONTROLLED
Uncontrolled term ავტომობილების ტექნიკური ექსპლოატაცია
700 ## - ADDED ENTRY--PERSONAL NAME
Personal name გიორგაძე, ე.
Relator term რედაქტორი
9 (RLIN) 398
942 ## - ADDED ENTRY ELEMENTS (KOHA)
Koha item type წიგნი
Source of classification or shelving scheme
ეგზემპლარები
ჩამოწერის სტატუსი დაკარგული ეგზემპლარის სტატუსი კლასიფიკაციის წყარო ან თაროზე გაწყობის სქემა დაზიანების სტატუსი არ გაიცემა მუდმივი მდებარეობა (დაცვის ადგილი) ამჟამინდელი ადგილსამყოფელი თაროზე განთავსების ადგილი შეძენის თარიღი ღირებულება, შესყიდვის ნორმალური ფასი სრული შენახვის შიფრი შტრიხკოდი ბოლო ოპერაციის თარიღი ეგზემპლარის მიმდევრობითი ნომერი (კეტერი?) ფასის ძალაში შესვლის თარიღი ეგზემპლარის სახეობა საჯარო შენიშვნა
          ტექნოლოგიური ფაკულტეტის ბიბლიოთეკა ტექნოლოგიური ფაკულტეტის ბიბლიოთეკა წიგნსაცავი 2018-12-17 0.26 629.113(076) ლ-40 12260 2018-12-17 12260 2018-12-17 წიგნი 0.26 ლ.
          ტექნოლოგიური ფაკულტეტის ბიბლიოთეკა ტექნოლოგიური ფაკულტეტის ბიბლიოთეკა წიგნსაცავი 2018-12-17 0.26 629.113(076) ლ-40 12261 2018-12-17 12261 2018-12-17 წიგნი 0.26 ლ.
          ტექნოლოგიური ფაკულტეტის ბიბლიოთეკა ტექნოლოგიური ფაკულტეტის ბიბლიოთეკა წიგნსაცავი 2018-12-17 0.26 629.113(076) ლ-40 12262 2018-12-17 12262 2018-12-17 წიგნი 0.26 ლ.